| Tag |
First Indicator |
Second Indicator |
Subfields |
| LEADER |
00000cam a2200000 a 4500 |
| 001 |
in00000085339 |
| 005 |
20151008061433.0 |
| 008 |
780607s1977 ne a b 10010 engm |
| 010 |
|
|
|a 78306571
|
| 015 |
|
|
|a Ne77-19
|
| 020 |
|
|
|a 9026502478 :
|c fl 54.00
|
| 035 |
|
|
|a (OCoLC)03702727
|
| 035 |
|
|
|9 AAJ8058AM
|
| 040 |
|
|
|a DLC
|c DLC
|d m.c.
|d TXA
|d UtOrBLW
|
| 049 |
|
|
|a TXAM
|c [933420]
|
| 050 |
0 |
0 |
|a BF76.5
|b .I57 1977
|
| 082 |
0 |
|
|a 155.8
|
| 110 |
2 |
|
|a International Association for Cross-Cultural Psychology.
|
| 245 |
1 |
0 |
|a Basic problems in cross-cultural psychology :
|b selected papers from the Third International Congress of the International Association for Cross-Cultural Psychology held at Tilburg University, Tilburg, the Netherlands, July 12-16, 1976 /
|c edited by Ype H. Poortinga.
|
| 264 |
|
1 |
|a Amsterdam :
|b Published for the International Association for Cross-Cultural Psychology [by] Swets and Zeitlinger,
|c 1977.
|
| 300 |
|
|
|a 380 pages :
|b illustrations ;
|c 22 cm.
|
| 336 |
|
|
|a text
|b txt
|2 rdacontent
|
| 337 |
|
|
|a unmediated
|b n
|2 rdamedia
|
| 338 |
|
|
|a volume
|b nc
|2 rdacarrier
|
| 504 |
|
|
|a Includes bibliographies.
|
| 650 |
|
0 |
|a Psychology
|x Research
|x Congresses.
|
| 650 |
|
0 |
|a Cross-cultural studies
|x Congresses.
|
| 650 |
|
0 |
|a Ethnopsychology
|v Congresses.
|
| 700 |
1 |
|
|a Poortinga, Y. H.
|q (Ype H.)
|
| 999 |
|
|
|a MARS
|
| 999 |
f |
f |
|s d8007f4a-1f24-3ca1-b55f-157d5cdd91fe
|i 948d406e-e4b8-3e5b-9838-36ef83e1f17f
|t 0
|
| 952 |
f |
f |
|p ric
|a Texas A&M University
|b Rellis Campus
|c Joint Library Facility
|d Remote Storage
|t 0
|e BF76.5 .I57 1977
|h Library of Congress classification
|i unmediated -- volume
|m A14806086263
|
| 998 |
f |
f |
|a BF76.5 .I57 1977
|t 0
|l Remote Storage
|